000 00247nam a2200097Ia 4500
001 714735
005 20250826162911.0
008 250824s9999 xx 000 0 und d
245 0 _aKIRIK DENİZ KABUKLARI
_cSELİM İLERİ
260 _bEVEREST YAYINLARI
999 _c714735
_d714735